Statistics for Countries, US States, Capitals, Elements, 100 Most Common Words: Starting with P

Click here to take the quiz!

General Stats

  • This quiz has been taken 4,980 times
  • The average score is 25 of 40

Answer Stats

ANSWER % Correct
Portugal
89%
Panama
88%
Poland
87%
Pennsylvania
87%
Palau
84%
Peru
84%
Paraguay
81%
Pakistan
80%
Philippines
79%
Panama City
77%
Port-au-Prince
72%
Papua New Guinea
71%
Port Moresby
67%
Paris
67%
Port-of-Spain
65%
Prague
65%
Pristina
64%
Pyongyang
63%
Phnom Penh
61%
Phosphorus
61%
Paramaribo
60%
Pretoria, Cape Town or Bloemfontein
58%
Plutonium
58%
Port Louis
57%
Podgorica
57%
Porto-Novo or Cotonou
56%
Polonium
56%
Potassium
56%
Port Vila
55%
Praia
52%
Palladium
52%
Palikir
47%
Phoenix
47%
Platinum
47%
Praseodymium
37%
Pierre
35%
People
35%
Providence
34%
Promethium
33%
Protactinium
31%

Score Distribution

Percentile by Number Answered

Percent of People with Each Score

Your Score History

You have not taken this quiz